000 00822cam a2200145 4500500
005 20251214042930.0
041 _afre
042 _adc
100 1 0 _aWhitman, James
_eauthor
245 0 0 _aCRITIQUE DE L’INTÉGRATION NORMATIVE, Sous la direction Mireille DELMAS-MARTY, PUF, collection Les voies du droit, 330 p., par Emmanuelle Gindre, Attachée temporaire d’enseignement et de recherche à l’Université Pierre Mendès France - Grenoble II Doctorante à l’École Doctorale de Droit Comparé de l’Université de Paris I - Panthéon -Sorbonne
260 _c2005.
500 _a59
786 0 _nArchives de politique criminelle | 27 | 1 | 2005-10-01 | p. 235a-259a | 0242-5637
856 4 1 _uhttps://droit.cairn.info/revue-archives-de-politique-criminelle-2005-1-page-235a?lang=fr&redirect-ssocas=7080
999 _c1577134
_d1577134